| 000 | 01073cam a2200325 a 4500 | ||
|---|---|---|---|
| 001 | 2053222 | ||
| 003 | NUST | ||
| 005 | 20220509094344.0 | ||
| 008 | 931207s1994 nyu 000 1 eng | ||
| 010 | _a 93047429 | ||
| 020 |
_a0752834606 _c$21.00 |
||
| 038 | _aWaseem | ||
| 040 |
_aDLC _cDLC _dDLC _dOCoLC |
||
| 043 | _ae-uk-st | ||
| 050 | 0 | 0 |
_aPR6068.A57 _bH5 1994 |
| 082 | 0 | 0 |
_a823.914 _bRAN |
| 100 | 1 |
_aRankin, Ian. _991281 |
|
| 245 | 1 | 0 |
_aHide & seek : _ba John Rebus mystery / _cIan Rankin. |
| 260 |
_aLondon : _bOrion House, _c1990. |
||
| 300 |
_a261 p. ; _c22 cm. |
||
| 563 | _aPBK. | ||
| 650 | 0 |
_aRebus, Inspector (Fictitious character) _xFiction. _991282 |
|
| 650 | 0 |
_aPolice _zScotland _xFiction. _991283 |
|
| 651 | 0 |
_aScotland _xFiction. _991284 |
|
| 655 | 7 |
_aDetective and mystery stories. _2gsafd |
|
| 740 | 0 | _aHide and seek. | |
| 906 |
_a7 _bcbc _corignew _d1 _eocip _f19 _gy-gencatlg |
||
| 942 |
_2ddc _cBK |
||
| 999 |
_c589488 _d589488 |
||